| 000 | 00961nam a2200277 i 4500 | ||
|---|---|---|---|
| 001 | 17771 | ||
| 003 | ES-MaACL | ||
| 005 | 20250801143433.0 | ||
| 007 | t| | ||
| 008 | 010523s1882 sp |||| | spa d | ||
| 040 | _cES-MaACL | ||
| 080 | _a82.09"18" | ||
| 080 | _a82:32 | ||
| 100 | 1 |
_aGómez Ortiz, E., _dm. 1900 _eaut _9170181 |
|
| 245 | 1 | 3 |
_aEl naturalismo : _bestudios literarios leídos en el Ateneo de Madrid / _cE. Gómez Ortiz. |
| 260 |
_aMadrid : _b[s.n.], _c1882 _f(Est. Tip. de M.P. Montoya y Compañía) |
||
| 300 |
_a193 páginas ; _c29 cm. |
||
| 505 | 8 | _aNaturalismo en el arte ; Política y literatura | |
| 610 | 2 | 4 |
_aAteneo de Madrid- _vConferencias- _yS.XIX. _91910 |
| 650 | 7 |
_aNaturalismo (Arte) _9172450 |
|
| 650 | 7 |
_aLiteratura y política _2embne _914675 |
|
| 852 | 4 |
_aES-MaACL _cSPP3 _gDedicatoria autógrafa del autor _jG-13486 |
|
| 942 |
_cMONANT _n0 |
||
| 999 |
_c17771 _d17771 |
||